Sports Quiz

Random Sports or NHL Quiz
Score 0/30 Timer 07:00
1 Play Today
Points Player % Correct
2,857Wayne Gretzky
99%
1,850Gordie Howe
85.2%
1,723Mario Lemieux
84.6%
1,887Mark Messier
83.2%
1,391Brett Hull
77.2%
1,921Jaromir Jagr
77%
1,755Steve Yzerman
73.6%
1,641Joe Sakic
67.5%
1,509Joe Thornton
62.1%
1,398Jari Kurri
52.5%
1,579Ray Bourque
52.4%
1,590Phil Esposito
51.9%
1,531Paul Coffey
49.3%
1,798Ron Francis
49%
1,353Guy Lafleur
48.8%
Points Player % Correct
1,349Mats Sundin
47.9%
1,374Mike Modano
47.1%
1,771Marcel Dionne
45.8%
1,354Brendan Shanahan
43.9%
1,425Bryan Trottier
39.8%
1,533Mark Recchi
39.3%
1,467Stan Mikita
39%
1,394Luc Robitaille
38.9%
1,420Adam Oates
32.8%
1,409Dale Hawerchuk
30.9%
1,338Dave Andreychuk
29.2%
1,414Doug Gilmour
28.8%
1,338Denis Savard
25.4%
1,457Teemu Selanne
25.3%
1,369Johnny Bucyk
21.8%
Come Together.
Have Fun.
All Virtual.
We all need to come together. Play Sporcle's virtual live trivia to have fun, connect with people, and get your trivia on. Join a live hosted trivia game for your favorite pub trivia experience done virtually. If a virtual private party is more your thing, go here for details.

You're not logged in!

Compare scores with friends on all Sporcle quizzes.
OR
Log In

Sporcle TV

Today on Sporcle TV


Watch our educational content, quiz creation guides, and fun videos on Sporcle TV.

Show Comments

Extras

Top Quizzes Today


Score Distribution

Paid Content

Your Account Isn't Verified!

In order to create a playlist on Sporcle, you need to verify the email address you used during registration. Go to your Sporcle Settings to finish the process.

Report this User

Report this user for behavior that violates our Community Guidelines.

Details: